|
|
|
|
| LEADER |
00739nam a22002297a 4500 |
| 001 |
AAL7796 |
| 003 |
BD-DhAAL |
| 005 |
20160327094351.0 |
| 008 |
160327s 1995nau||||| |||| 00| 0 eng d |
| 020 |
|
|
|a 0340654163
|
| 040 |
|
|
|a BD-DhAAL
|c BD-DhAAL
|
| 082 |
|
|
|a 813/.54
|
| 100 |
|
|
|a Clavell, James
|9 18799
|
| 245 |
|
|
|a Escape /
|b James Clavell
|
| 260 |
|
|
|a London :
|b Coronet Books,
|c c1995
|
| 300 |
|
|
|a 583 p. ;
|c 18 cm.
|
| 541 |
|
|
|e 7796
|
| 650 |
|
|
|a Talking books.
|9 18800
|
| 852 |
|
|
|a Savar Campus Library
|c General Shelf
|
| 942 |
|
|
|2 ddc
|c BK
|
| 999 |
|
|
|c 37226
|d 37226
|
| 952 |
|
|
|0 0
|1 0
|2 ddc
|4 0
|6 813_000000000000000__54_CLA
|7 0
|9 58518
|a SCL
|b SCL
|c GEN
|d 2016-03-27
|e Gift:
|l 3
|m 17
|o 813.54 CLA
|p 3020007796
|r 2019-11-29
|s 2019-09-26
|t 1
|w 2016-03-27
|y BK
|